[Event "Online Olym Top DivC 2021"]
[Site "chess.com INT"]
[Date "2021.09.09"]
[Round "2.2"]
[Board "3"]
[White "Paehtz, Elisabeth"]
[Black "Goryachkina, Aleksandra"]
[Result "0-1"]
[WhiteTitle "IM"]
[BlackTitle "GM"]
[WhiteElo "2465"]
[BlackElo "2608"]
[WhiteTeam "Germany"]
[BlackTeam "Russia"]
[WhiteFideId "4641833"]
[BlackFideId "4147103"]
[EventDate "2021.09.09"]
[EventType "team"]

1. d4 d5 2. Bf4 c5 3. e3 Nc6 4. Nc3 cxd4 5. exd4 Bf5 6. Nf3 e6 7. Ne5 Bb4 8. Bb5
Ne7 9. O-O Bxc3 10. bxc3 O-O 11. Qd2 Nxe5 12. Bxe5 Rc8 13. Rab1 h6 14. Rfe1 Ng6
15. Bg3 a6 16. Bf1 Qd7 17. Rb3 Rc6 18. Reb1 b5 19. a4 bxa4 20. Rb7 Qd8 21. R7b4
Qg5 22. f4 Qe7 23. Rxa4 Qc7 24. Rb3 Rb8 25. Rxa6 Rxa6 26. Bxa6 Ra8 27. Bd3 Ra1+
28. Kf2 Ne7 29. Bh4 Bxd3 30. cxd3 Nf5 31. Bg3 Qa7 32. Ke2 Rg1 33. Kf3 Qa1 34.
Qe2 Qc1 35. Bf2 Rf1 36. g4 Ne7 37. f5 Kh7 38. fxe6 fxe6 39. Rb7 Ng6 40. Rf7 Rd1
41. Kg2 Qd2 42. Qxd2 Rxd2 43. c4 Rxd3 44. c5 Rc3 45. h4 Kg8 46. Rf3 Rc2 47. h5
Nh4+ 48. Kg3 Nxf3 49. Kxf3 Kf7 50. Be3 Kf6 51. Bf4 Rc4 52. Be5+ Kg5 53. Bxg7
Rc3+ 54. Ke2 Kxg4 55. Bxh6 Kxh5 56. Bg7 Kg4 57. Be5 Kf5 58. Kd2 Rc4 59. Kd3 Kg6
60. Bd6 Kf7 61. Be5 Ke8 62. Bd6 Kd7 63. Be5 Kc6 64. Ke3 Kb5 65. Kf4 Rc1 66. Bd6
Re1 67. Kg5 Re4 68. Kf6 Rxd4 69. Kxe6 Kc6 70. Ke5 Re4+ 71. Kf5 Rc4 72. Ke5 Rxc5 0-1

[Event "Online Olym Top DivC 2021"]
[Site "chess.com INT"]
[Date "2021.09.09"]
[Round "2.2"]
[Board "4"]
[White "Kosteniuk, Alexandra"]
[Black "Heinemann, Josefine"]
[Result "1-0"]
[WhiteTitle "GM"]
[BlackTitle "WGM"]
[WhiteElo "2526"]
[BlackElo "2292"]
[WhiteTeam "Russia"]
[BlackTeam "Germany"]
[WhiteFideId "4128125"]
[BlackFideId "12900460"]
[EventDate "2021.09.09"]
[EventType "team"]

1. e4 c5 2. Nf3 d6 3. Bb5+ Nd7 4. Ba4 Nf6 5. O-O e6 6. Re1 Be7 7. c4 O-O 8. d4
cxd4 9. Qxd4 Qc7 10. Nc3 a6 11. Bg5 Ne5 12. Nd2 Bd7 13. Bxd7 Nexd7 14. Rac1 Qc5
15. Be3 Qxd4 16. Bxd4 Rac8 17. b3 Rc6 18. f4 Rfc8 19. Rcd1 Bd8 20. e5 dxe5 21.
fxe5 Ng4 22. h3 Nh6 23. g4 Bc7 24. Nf3 Ba5 25. Rf1 Bxc3 26. Bxc3 Nc5 27. Ba5 b6
28. Nd4 R6c7 29. Bxb6 Rb7 30. Bxc5 Rxc5 31. Nxe6 Rc8 32. Nd4 Kh8 33. g5 Ng8 34.
Nf5 Rf8 35. Nd6 Re7 36. e6 1-0

[Event "Online Olym Top DivC 2021"]
[Site "chess.com INT"]
[Date "2021.09.09"]
[Round "2.2"]
[Board "5"]
[White "Svane, Frederik"]
[Black "Esipenko, Andrey"]
[Result "0-1"]
[WhiteTitle "FM"]
[BlackTitle "GM"]
[WhiteElo "2470"]
[BlackElo "2720"]
[WhiteTeam "Germany"]
[BlackTeam "Russia"]
[WhiteFideId "12923044"]
[BlackFideId "24175439"]
[EventDate "2021.09.09"]
[EventType "team"]

1. e4 e5 2. Nf3 Nc6 3. Bb5 Nf6 4. O-O Nxe4 5. Re1 Nd6 6. Nxe5 Be7 7. Bf1 Nf5 8.
Nf3 O-O 9. d4 d5 10. Nc3 h6 11. Ne2 Bd6 12. Nf4 Nfe7 13. c3 Bf5 14. Bd3 Qd7 15.
Qc2 Bxd3 16. Qxd3 Rad8 17. h3 Rfe8 18. Bd2 a6 19. Nh5 Qf5 20. Qxf5 Nxf5 21. g4
Rxe1+ 22. Rxe1 Nfe7 23. Bf4 f6 24. Kg2 Kf7 25. h4 g5 26. Bxd6 Rxd6 27. Ng3 Nd8
28. Nf5 Nxf5 29. gxf5 Nc6 30. Kg3 Ne7 31. Kg4 Rd8 32. hxg5 hxg5 33. Rh1 Kg7 34.
Nd2 Ng8 35. f4 Nh6+ 36. Rxh6 Kxh6 37. fxg5+ fxg5 38. Nf3 c5 39. Ne5 Rf8 40. Nd7
cxd4 41. Nxf8 d3 42. Kf3 g4+ 43. Ke3 g3 44. Nd7 g2 45. Kf2 d2 0-1

[Event "Online Olym Top DivC 2021"]
[Site "chess.com INT"]
[Date "2021.09.09"]
[Round "2.2"]
[Board "6"]
[White "Shuvalova, Polina"]
[Black "Schulze, Lara"]
[Result "1-0"]
[WhiteTitle "IM"]
[BlackTitle "FM"]
[WhiteElo "2510"]
[BlackElo "2252"]
[WhiteTeam "Russia"]
[BlackTeam "Germany"]
[WhiteFideId "24171760"]
[BlackFideId "12956830"]
[EventDate "2021.09.09"]
[EventType "team"]

1. e4 e5 2. Nf3 Nc6 3. Bb5 a6 4. Ba4 Nf6 5. O-O Bc5 6. c3 b5 7. Bb3 d6 8. a4 Bg4
9. h3 Bxf3 10. Qxf3 O-O 11. d3 Na5 12. Bc2 b4 13. Bg5 Rb8 14. Nd2 h6 15. Bh4 Qe7
16. Rfe1 Qe6 17. Rad1 Nh7 18. d4 exd4 19. cxd4 Bxd4 20. Qd3 c5 21. Nf3 Be5 22.
Qxa6 Ra8 23. Qe2 b3 24. Bb1 Nc6 25. Nxe5 dxe5 26. Rd5 Rxa4 27. Qb5 Ra5 28. Qxb3
Nd4 29. Qc3 Rb5 30. Ba2 Qb6 31. Bc4 Rxb2 32. Rxe5 Rc2 33. Qd3 Qb4 34. Bxf7+ Rxf7
35. Re3 Rc1+ 36. Kh2 Qb3 37. Qxd4 cxd4 38. Rxb3 Rc3 39. Rxc3 dxc3 40. Rc5 g5 41.
Bg3 Nf6 42. f3 h5 43. Rxg5+ Kf8 44. Rc5 Nd7 45. Rxc3 Rg7 46. h4 Nf6 47. Be5 Kf7
48. Rc7+ 1-0

[Event "Online Olym Top DivC 2021"]
[Site "chess.com INT"]
[Date "2021.09.09"]
[Round "2.3"]
[Board "1"]
[White "Mladek, Richard"]
[Black "Anton Guijarro, David"]
[Result "0-1"]
[WhiteTitle "FM"]
[BlackTitle "GM"]
[WhiteElo "2361"]
[BlackElo "2651"]
[WhiteTeam "Czech Republic"]
[BlackTeam "Spain"]
[WhiteFideId "386588"]
[BlackFideId "2285525"]
[EventDate "2021.09.09"]
[EventType "team"]

1. d4 Nf6 2. c4 e6 3. Nc3 d5 4. cxd5 exd5 5. Bg5 Be7 6. e3 c6 7. Bd3 Nbd7 8. h3
Nf8 9. Nf3 Ne6 10. Bh4 O-O 11. Qc2 g6 12. O-O Ng7 13. Ne5 Bf5 14. f4 Nfe8 15.
Bf2 Bb4 16. Ne2 Nd6 17. a3 Ba5 18. b4 Bc7 19. Nc3 f6 20. Nf3 Re8 21. Bxf5 Ngxf5
22. Rac1 Nc4 23. Nd1 Nxa3 24. Qd3 Nc4 25. g4 Nfd6 26. Bh4 a5 27. bxa5 Rxa5 28.
Ne5 Ra3 29. Rc3 Rxc3 30. Nxc3 Qe7 31. e4 dxe4 32. Nxe4 Nxe4 33. Nxc4 Qf7 34. Re1
Nd6 35. Ne3 Nb5 36. Bg3 Bb6 37. Nc2 Rxe1+ 38. Bxe1 Qd5 39. Bf2 Nd6 40. Ne3 Qb5
41. Qd2 Qb1+ 42. Kh2 Ne4 43. Qe2 Nxf2 44. Qxf2 Bxd4 45. Qd2 Qe4 46. Nc4 b5 47.
Nd6 Qd5 0-1

[Event "Online Olym Top DivC 2021"]
[Site "chess.com INT"]
[Date "2021.09.09"]
[Round "2.3"]
[Board "2"]
[White "Perez Candelario, Manuel"]
[Black "Mica, Marek"]
[Result "1-0"]
[WhiteTitle "GM"]
[BlackTitle "FM"]
[WhiteElo "2586"]
[BlackElo "2304"]
[WhiteTeam "Spain"]
[BlackTeam "Czech Republic"]
[WhiteFideId "2210622"]
[BlackFideId "382884"]
[EventDate "2021.09.09"]
[EventType "team"]

1. e4 e6 2. d4 d5 3. Nc3 Nf6 4. Bg5 Be7 5. e5 Nfd7 6. h4 Bxg5 7. hxg5 Qxg5 8.
Nh3 Qe7 9. Nf4 g6 10. Bd3 Nb6 11. Bxg6 Qg5 12. Bxf7+ Kxf7 13. Qf3 Ke7 14. Rh5
Qg7 15. O-O-O Nc6 16. Qh3 Nd8 17. Rd3 Nf7 18. Nb5 Ng5 19. Qh4 h6 20. Nxc7 Rb8
21. Nb5 Bd7 22. Nd6 Rbf8 23. Nh3 Kd8 24. f4 Kc7 25. fxg5 hxg5 26. Qxg5 Rf1+ 27.
Rd1 Rxd1+ 28. Kxd1 Qf8 29. Rxh8 Qxh8 30. b3 a5 31. a4 Qh7 32. Kc1 Nc8 33. Nxc8
Kxc8 34. Qd2 b6 35. Nf4 Qe4 36. Nh5 Qh4 37. Nf6 Qh1+ 38. Kb2 Bc6 39. g4 Qg1 40.
g5 Kb7 41. Qf4 b5 42. axb5 Bxb5 43. Qg4 Qf2 44. Qd1 Qg2 45. Qe1 Bd3 46. Qc3 Bf5
47. Ne8 Qxg5 48. Qxa5 Qe7 49. Nd6+ Kb8 50. Qb5+ Ka8 51. Nxf5 exf5 52. Qxd5+ 1-0

[Event "Online Olym Top DivC 2021"]
[Site "chess.com INT"]
[Date "2021.09.09"]
[Round "2.3"]
[Board "3"]
[White "Koubova, Anna Marie"]
[Black "Vega Gutierrez, Sabrina"]
[Result "0-1"]
[BlackTitle "IM"]
[WhiteElo "2128"]
[BlackElo "2397"]
[WhiteTeam "Czech Republic"]
[BlackTeam "Spain"]
[WhiteFideId "381470"]
[BlackFideId "2219026"]
[EventDate "2021.09.09"]
[EventType "team"]

1. d4 d5 2. c4 e6 3. Nc3 Nf6 4. cxd5 exd5 5. Bg5 Be7 6. Qc2 c6 7. e3 Nbd7 8. Bd3
Nh5 9. Bxe7 Qxe7 10. O-O-O g6 11. Nge2 Nb6 12. Kb1 Be6 13. Na4 Nd7 14. Rc1 O-O-O
15. Qb3 Qd6 16. Rc3 Ng7 17. Rhc1 Bf5 18. Nf4 Bxd3+ 19. Nxd3 Ne6 20. Nb4 Nb8 21.
Qa3 Nc7 22. Rc5 Nca6 23. Nxa6 Nxa6 24. R5c3 Qxa3 25. Rxa3 Kb8 26. Rb3 Ka8 27.
Nc5 Nxc5 28. Rxc5 Rhe8 29. Ra5 Rd6 30. Rba3 a6 31. Rc5 Rf6 32. f3 Rfe6 33. Rcc3
f5 34. Kc2 f4 35. Kd2 g5 36. b4 Kb8 37. Rab3 b6 38. a4 Kb7 39. Ke2 Kc7 40. Kf2
a5 41. b5 fxe3+ 42. Ke2 Kb7 43. bxc6+ Rxc6 44. Rxc6 Kxc6 45. Rxe3 Rxe3+ 46. Kxe3
b5 47. axb5+ Kxb5 48. Kd3 a4 49. Kc3 a3 50. g3 a2 51. Kb2 Kc4 52. f4 gxf4 53.
gxf4 Kxd4 54. f5 Ke5 55. Kxa2 Kxf5 56. Kb3 Kg4 57. Kc3 Kh3 58. Kd4 Kxh2 59. Kxd5
h5 60. Ke4 Kg3 61. Ke3 h4 62. Ke2 Kg2 0-1

[Event "Online Olym Top DivC 2021"]
[Site "chess.com INT"]
[Date "2021.09.09"]
[Round "2.3"]
[Board "4"]
[White "Garcia Martin, Marta"]
[Black "Lhotska, Anna"]
[Result "1/2-1/2"]
[WhiteTitle "IM"]
[WhiteElo "2308"]
[BlackElo "1988"]
[WhiteTeam "Spain"]
[BlackTeam "Czech Republic"]
[WhiteFideId "32084030"]
[BlackFideId "376183"]
[EventDate "2021.09.09"]
[EventType "team"]

1. e4 c5 2. Nf3 d6 3. Bb5+ Nd7 4. O-O Nf6 5. Re1 g6 6. c3 a6 7. Bf1 Bg7 8. d4
cxd4 9. cxd4 O-O 10. Nc3 b5 11. e5 dxe5 12. dxe5 Ng4 13. Bf4 Nc5 14. h3 Nh6 15.
Be3 Ne6 16. Nd5 Bb7 17. Nb6 Qxd1 18. Raxd1 Rad8 19. Ng5 Nxg5 20. Bxg5 Nf5 21.
Nd7 Rfe8 22. g4 h6 23. gxf5 hxg5 24. fxg6 fxg6 25. Bg2 Bc8 26. e6 Bxb2 27. Bc6
Kg7 28. Rd5 Rh8 29. Re3 Rh5 30. Rf3 Kg8 31. Rf7 Rh7 32. Rf3 Kh8 33. Rxg5 Rg7 34.
Rfg3 Kh7 35. h4 Bf6 36. R5g4 Bb2 37. Be4 Bxd7 38. Rxg6 Kh8 39. exd7 Rxd7 40.
Rxg7 Bxg7 41. h5 Rd6 42. Bg6 e5 43. Rb3 Kg8 44. Kg2 Kf8 45. Rf3+ Kg8 46. Rb3 Kf8
47. Kf3 Ke7 48. Ke2 Rd4 49. Rc3 Kd6 50. Rc2 Rc4 51. Rd2+ Rd4 52. Rc2 Rc4 53.
Rd2+ Rd4 54. Rxd4+ exd4 55. Kd3 Ke5 56. Be8 Kd5 57. f4 b4 58. Bf7+ Kc5 59. f5 a5
60. Be8 Kd5 61. Bd7 Ke5 62. Be6 Kd6 63. Kc4 Kc6 64. Bf7 Kb6 65. Be8 Kc7 66. Kd3
Kd6 67. Ke4 Kc5 68. Kd3 Kd5 69. Bf7+ Ke5 70. Be6 Kd6 71. Kc4 Kc6 72. Bf7 Kd6 73.
Be6 1/2-1/2

[Event "Online Olym Top DivC 2021"]
[Site "chess.com INT"]
[Date "2021.09.09"]
[Round "2.3"]
[Board "5"]
[White "Kusa, Jakub"]
[Black "Henderson de La Fuente, Lance"]
[Result "0-1"]
[WhiteTitle "FM"]
[BlackTitle "GM"]
[WhiteElo "2306"]
[BlackElo "2491"]
[WhiteTeam "Czech Republic"]
[BlackTeam "Spain"]
[WhiteFideId "395595"]
[BlackFideId "32096585"]
[EventDate "2021.09.09"]
[EventType "team"]

1. e4 c5 2. Nf3 e6 3. g3 Nc6 4. Bg2 d6 5. O-O Nf6 6. Qe2 Be7 7. c3 O-O 8. d4 d5
9. e5 Nd7 10. Be3 b6 11. Ne1 a5 12. Na3 cxd4 13. Bxd4 Bxa3 14. bxa3 Ba6 15. Nd3
Ncxe5 16. Bxe5 Nxe5 17. Qxe5 Bxd3 18. Rfd1 Bc4 19. Qd4 Qc7 20. Rab1 Bxa2 21. Rb2
Bc4 22. Qxb6 Qxb6 23. Rxb6 Rfc8 24. Rc1 g6 25. Bf1 Rab8 26. Rxb8 Rxb8 27. Bxc4
dxc4 28. Kg2 Rb3 29. Kf3 Rxa3 30. Rc2 Rb3 31. Ke4 a4 32. Kd4 a3 33. Ra2 Rb2 34.
Rxa3 Rxf2 35. Kxc4 Rxh2 36. Kc5 h5 37. c4 Rh3 38. Kd6 h4 39. Ra8+ Kg7 40. gxh4
Rxh4 41. c5 Rd4+ 42. Ke7 Rc4 43. Rf8 f5 44. Rf7+ Kh6 45. Kf6 Rxc5 46. Rg7 f4 47.
Rxg6+ Kh5 48. Rg8 Kh4 49. Kxe6 f3 50. Kd6 Rf5 51. Ke6 Ra5 52. Rf8 Kg3 53. Rg8+
Kh2 54. Rf8 Kg2 55. Rg8+ Kf1 56. Rf8 f2 57. Kd6 Ra2 58. Kd5 Ke1 59. Re8+ Re2 60.
Ra8 f1=Q 61. Ra1+ Kf2 0-1

[Event "Online Olym Top DivC 2021"]
[Site "chess.com INT"]
[Date "2021.09.09"]
[Round "2.3"]
[Board "6"]
[White "Eizaguerri Floris, Maria"]
[Black "Trasakova, Adela"]
[Result "1-0"]
[WhiteTitle "FM"]
[WhiteElo "2328"]
[BlackElo "1923"]
[WhiteTeam "Spain"]
[BlackTeam "Czech Republic"]
[WhiteFideId "32065752"]
[BlackFideId "398306"]
[EventDate "2021.09.09"]
[EventType "team"]

1. e4 c6 2. d4 d5 3. e5 c5 4. dxc5 e6 5. Be3 Nc6 6. Nf3 Nh6 7. c3 Nf5 8. Bd4
Nfxd4 9. cxd4 Be7 10. Nc3 O-O 11. Bd3 b6 12. cxb6 Qxb6 13. Rb1 g6 14. Be2 Ba6
15. O-O Rab8 16. Bxa6 Qxa6 17. Qe2 Qa5 18. Rfc1 Rfc8 19. h3 Rb6 20. Qe3 Rcb8 21.
b3 Nb4 22. Na4 Rb5 23. Qd2 Qd8 24. a3 Na6 25. Rc6 Nc7 26. Qc3 Ne8 27. Nc5 Rc8
28. Nxe6 Rxc6 29. Qxc6 Qb8 30. Nf4 Nc7 31. a4 Rb6 32. Qc2 f6 33. exf6 Bxf6 34.
Qc5 Qd8 35. Rc1 Rb7 36. Qc6 Qb8 37. Qxf6 Rxb3 38. Ne6 Nxe6 39. Qxe6+ Kg7 40.
Qe5+ Qxe5 41. dxe5 Rb7 42. Rd1 Rd7 43. Kf1 h6 44. Ke2 Kf7 45. Ke3 Ke6 46. Rc1
Kf5 47. g4+ Ke6 48. Rc6+ Ke7 49. Rxg6 1-0

[Event "Online Olym Top DivC 2021"]
[Site "chess.com INT"]
[Date "2021.09.09"]
[Round "2.4"]
[Board "1"]
[White "Vazquez, Guillermo"]
[Black "Basso, Pier Luigi"]
[Result "0-1"]
[WhiteTitle "IM"]
[BlackTitle "GM"]
[WhiteElo "2534"]
[BlackElo "2553"]
[WhiteTeam "Paraguay"]
[BlackTeam "Italy"]
[WhiteFideId "3702308"]
[BlackFideId "866970"]
[EventDate "2021.09.09"]
[EventType "team"]

1. e4 g6 2. d4 Bg7 3. Nc3 c6 4. Be3 d5 5. e5 f6 6. f4 Nh6 7. Qd2 O-O 8. O-O-O
Bg4 9. Be2 Bxe2 10. Ncxe2 Ng4 11. Kb1 Nxe3 12. Qxe3 fxe5 13. fxe5 Na6 14. h4 Qd7
15. h5 Qg4 16. hxg6 hxg6 17. Nf3 Rf5 18. Rh4 Rxf3 0-1

[Event "Online Olym Top DivC 2021"]
[Site "chess.com INT"]
[Date "2021.09.09"]
[Round "2.4"]
[Board "2"]
[White "Lodici, Lorenzo"]
[Black "Almiron, Antonio"]
[Result "1-0"]
[WhiteTitle "IM"]
[BlackTitle "FM"]
[WhiteElo "2507"]
[BlackElo "2366"]
[WhiteTeam "Italy"]
[BlackTeam "Paraguay"]
[WhiteFideId "884189"]
[BlackFideId "3701166"]
[EventDate "2021.09.09"]
[EventType "team"]

1. d4 Nf6 2. c4 c5 3. d5 e6 4. Nc3 exd5 5. cxd5 d6 6. e4 g6 7. Nge2 Bg7 8. Ng3
a6 9. a4 h5 10. Be2 Nbd7 11. O-O h4 12. Nh1 Nh7 13. Be3 O-O 14. Qd2 Ne5 15. f3
f5 16. Nf2 Rb8 17. Rab1 b5 18. axb5 axb5 19. Nxb5 Ba6 20. Na3 Bxe2 21. Qxe2 f4
22. Bd2 Ng5 23. Bc3 Qd7 24. h3 Qa4 25. Bxe5 Bxe5 26. Nc4 Nf7 27. Kh1 Rb4 28.
Rfc1 Rfb8 29. Ng4 Bd4 30. Rc2 Qa6 31. Qd3 Rb3 32. Qd2 g5 33. Rbc1 Kg7 34. Kh2
R8b4 35. Qe2 Rb8 36. Qe1 R3b4 37. Ra1 Ra4 38. Rac1 Rab4 39. Qd2 Rb3 40. Qe2 R3b4
41. Nf2 Rb3 42. Nd3 R8b7 43. e5 dxe5 44. d6 Nxd6 45. Nxd6 Qxd6 46. Nxc5 Bxc5 47.
Rxc5 Rxb2 48. Qe4 R2b4 49. Qf5 Qf6 50. Rc7+ 1-0

[Event "Online Olym Top DivC 2021"]
[Site "chess.com INT"]
[Date "2021.09.09"]
[Round "2.4"]
[Board "3"]
[White "Perez Rodriguez, Jennifer"]
[Black "Brunello, Marina"]
[Result "0-1"]
[WhiteTitle "WIM"]
[BlackTitle "IM"]
[WhiteElo "2251"]
[BlackElo "2354"]
[WhiteTeam "Paraguay"]
[BlackTeam "Italy"]
[WhiteFideId "3507831"]
[BlackFideId "822590"]
[EventDate "2021.09.09"]
[EventType "team"]

1. e4 c5 2. Nf3 d6 3. c3 Nf6 4. Bd3 g6 5. Bc2 Bg7 6. O-O O-O 7. d4 cxd4 8. cxd4
Nc6 9. Nc3 a6 10. h3 b5 11. Be3 Bb7 12. d5 Nb8 13. Bd4 Nbd7 14. Re1 Rc8 15. Rc1
Nb6 16. Bb1 Re8 17. b3 b4 18. Ne2 Rxc1 19. Qxc1 e6 20. dxe6 Rxe6 21. Nf4 Re8 22.
Qb2 a5 23. Bd3 Bc6 24. Rc1 Bxe4 25. Bb5 Rf8 26. Bc6 Bxf3 27. Bxf3 Nbd7 28. Rd1
Qb8 29. Nd5 Ne5 30. Be2 Nxd5 31. Qc2 Nc3 32. Bxc3 bxc3 33. Qxc3 Qb6 34. Qd2 Rd8
35. Qd5 h5 36. Kf1 Qc6 37. Qxa5 Ra8 38. Qd2 Qb6 39. Qc2 Bf8 40. a4 Rb8 41. Rb1
Qb4 42. f4 Qxf4+ 43. Kg1 Qd4+ 44. Kh1 h4 45. Rd1 Qc5 46. Qxc5 dxc5 47. Bb5 Bg7
48. Rd5 Rc8 49. Kg1 c4 50. bxc4 Nxc4 51. Kf2 Nb6 52. Rd6 Ra8 53. Bc6 Ra7 54.
Rd8+ Kh7 55. Rb8 Nxa4 56. Rb4 Nc5 57. Rxh4+ Kg8 58. Rc4 Ne6 59. Bd5 Nd4 60. Rc8+
Kh7 61. Rc4 Nf5 62. g4 Ra2+ 63. Kf3 Ra3+ 64. Kf2 Ne3 65. Rc5 Nxd5 66. Rxd5 Rxh3
67. Rd7 Kg8 68. Rd8+ Bf8 69. Kg2 Ra3 70. Rb8 Kg7 71. Rc8 Bd6 72. Rd8 Be7 0-1

[Event "Online Olym Top DivC 2021"]
[Site "chess.com INT"]
[Date "2021.09.09"]
[Round "2.4"]
[Board "4"]
[White "Sedina, Elena"]
[Black "Vargas, Gabriela"]
[Result "1/2-1/2"]
[WhiteTitle "IM"]
[BlackTitle "WIM"]
[WhiteElo "2259"]
[BlackElo "2152"]
[WhiteTeam "Italy"]
[BlackTeam "Paraguay"]
[WhiteFideId "812153"]
[BlackFideId "3700860"]
[EventDate "2021.09.09"]
[EventType "team"]

1. e4 e6 2. d4 d5 3. e5 c5 4. c3 Qb6 5. Nf3 Nc6 6. Be2 cxd4 7. cxd4 Nh6 8. Bd3
Bd7 9. Bc2 Nb4 10. Bxh6 Nxc2+ 11. Qxc2 Rc8 12. Qd2 gxh6 13. O-O Bb5 14. Re1 Bg7
15. Nc3 Bd7 16. Rad1 O-O 17. Re3 f6 18. exf6 Rxf6 19. Ne5 Qd6 20. Rh3 Rcf8 21.
f3 Rf5 22. Ng4 h5 23. Nh6+ Bxh6 24. Qxh6 Be8 25. Ne2 R5f6 26. Rg3+ Rg6 27. Rxg6+
Bxg6 28. Rc1 Qb6 29. Qe3 Qxb2 30. Rc7 Qb6 31. Qe5 Rf7 32. Rc8+ Rf8 33. Rc7 Rf7
34. Rc8+ Rf8 35. Rc7 1/2-1/2

[Event "Online Olym Top DivC 2021"]
[Site "chess.com INT"]
[Date "2021.09.09"]
[Round "2.4"]
[Board "5"]
[White "Melian, Juan Sebastian"]
[Black "Di Benedetto, Edoardo"]
[Result "0-1"]
[WhiteTitle "CM"]
[BlackTitle "IM"]
[WhiteElo "1978"]
[BlackElo "2412"]
[WhiteTeam "Paraguay"]
[BlackTeam "Italy"]
[WhiteFideId "3706575"]
[BlackFideId "875740"]
[EventDate "2021.09.09"]
[EventType "team"]

1. Nf3 d5 2. d4 Nf6 3. c3 Bf5 4. Bg5 e6 5. e3 c5 6. Bd3 Bxd3 7. Qxd3 Nc6 8. O-O
Be7 9. Nbd2 Qb6 10. Rab1 O-O 11. Bxf6 Bxf6 12. dxc5 Qxc5 13. e4 Rfd8 14. Qe2 Qa5
15. exd5 Rxd5 16. a3 Rad8 17. Ne4 Be7 18. Rfd1 Qa4 19. Re1 Qb3 20. Rbc1 Na5 21.
c4 Rd3 22. Neg5 Bxg5 23. Nxg5 R3d7 24. Qh5 h6 25. Nxe6 fxe6 26. Qxa5 Qxb2 27. h3
b6 28. Qb4 Qf6 29. Re2 Rd1+ 30. Rxd1 Rxd1+ 31. Re1 a5 0-1

[Event "Online Olym Top DivC 2021"]
[Site "chess.com INT"]
[Date "2021.09.09"]
[Round "2.4"]
[Board "6"]
[White "Sala, Giulia"]
[Black "Oviedo Acosta, Paula"]
[Result "0-1"]
[WhiteTitle "WFM"]
[WhiteElo "2064"]
[BlackElo "1637"]
[WhiteTeam "Italy"]
[BlackTeam "Paraguay"]
[WhiteFideId "2840451"]
[BlackFideId "3704394"]
[EventDate "2021.09.09"]
[EventType "team"]

1. e4 c5 2. Nf3 e6 3. d4 cxd4 4. Nxd4 a6 5. Bd3 Bc5 6. Nf3 Qc7 7. O-O b5 8. b3
Nf6 9. Bb2 Be7 10. Nbd2 d6 11. c4 b4 12. e5 dxe5 13. Nxe5 Bb7 14. Ng4 Nbd7 15.
Re1 Rd8 16. Qe2 Qf4 17. Ne5 Qg5 18. Ndf3 Qh5 19. Rad1 O-O 20. Nxd7 Nxd7 21. Ne5
Qxe2 22. Rxe2 Nc5 23. Red2 Bg5 24. f4 Bf6 25. Bc2 Be4 26. Bxe4 Rxd2 27. Rxd2
Nxe4 28. Rd3 Be7 29. Nc6 Bc5+ 30. Bd4 h6 31. Bxc5 Nxc5 32. Rd6 Ne4 33. Rd4 Nc3
34. Nxb4 Ne2+ 35. Kf2 Nxd4 36. Nxa6 Ra8 37. Nb4 Nc2 38. Nd3 Rxa2 39. c5 Nb4+ 40.
Ke3 Nxd3 41. Kxd3 Kf8 42. b4 Rb2 43. Kc4 Ke8 44. c6 Kd8 45. b5 Kc7 46. Kc5 Rc2+
47. Kb4 Kb6 0-1

[Event "Online Olym Top DivC 2021"]
[Site "chess.com INT"]
[Date "2021.09.09"]
[Round "2.5"]
[Board "1"]
[White "Smirin, Ilia"]
[Black "Perez Ponsa, Federico"]
[Result "0-1"]
[WhiteTitle "GM"]
[BlackTitle "GM"]
[WhiteElo "2616"]
[BlackElo "2554"]
[WhiteTeam "Israel"]
[BlackTeam "Argentina"]
[WhiteFideId "2801990"]
[BlackFideId "117927"]
[EventDate "2021.09.09"]
[EventType "team"]

1. e4 c5 2. Nf3 d6 3. d4 cxd4 4. Nxd4 Nf6 5. Nc3 a6 6. f4 e5 7. Nf3 Qc7 8. Bd3
Nbd7 9. O-O Be7 10. Kh1 b5 11. a3 Bb7 12. fxe5 dxe5 13. Nh4 g6 14. Bh6 Rg8 15.
Bg5 O-O-O 16. Qe2 h6 17. Bxh6 Nh5 18. Nf5 gxf5 19. Qxh5 f4 20. a4 Qd6 21. axb5
a5 22. Qxf7 Qxh6 23. Qxe7 Rg3 24. Kg1 Rh8 25. Ne2 Rxg2+ 26. Kxg2 Qxh2+ 27. Kf3
Rh3+ 28. Kg4 Qg2+ 29. Kf5 Rh5+ 0-1

[Event "Online Olym Top DivC 2021"]
[Site "chess.com INT"]
[Date "2021.09.09"]
[Round "2.5"]
[Board "2"]
[White "Peralta, Fernando"]
[Black "Roiz, Michael"]
[Result "1/2-1/2"]
[WhiteTitle "GM"]
[BlackTitle "GM"]
[WhiteElo "2570"]
[BlackElo "2580"]
[WhiteTeam "Argentina"]
[BlackTeam "Israel"]
[WhiteFideId "105309"]
[BlackFideId "2804158"]
[EventDate "2021.09.09"]
[EventType "team"]

1. d4 Nf6 2. c4 e6 3. Nc3 Bb4 4. e3 O-O 5. Bd3 d5 6. cxd5 exd5 7. Ne2 Re8 8. Bd2
c5 9. O-O Nc6 10. a3 Bxc3 11. bxc3 Ne4 12. Be1 cxd4 13. cxd4 Bf5 14. Nf4 Qd7 15.
Ra2 Nf6 16. Rb2 Bxd3 17. Qxd3 Rac8 18. f3 h6 19. Re2 a6 20. g4 Nh7 21. h4 Ne7
22. Rg2 Nf8 23. g5 hxg5 24. Rxg5 Ne6 25. Nxe6 Qxe6 1/2-1/2

[Event "Online Olym Top DivC 2021"]
[Site "chess.com INT"]
[Date "2021.09.09"]
[Round "2.5"]
[Board "3"]
[White "Shvayger, Yuliya"]
[Black "Lujan, Carolina"]
[Result "0-1"]
[WhiteTitle "IM"]
[BlackTitle "IM"]
[WhiteElo "2351"]
[BlackElo "2340"]
[WhiteTeam "Israel"]
[BlackTeam "Argentina"]
[WhiteFideId "14100126"]
[BlackFideId "109878"]
[EventDate "2021.09.09"]
[EventType "team"]

1. e4 c5 2. Nf3 Nc6 3. Bb5 e6 4. O-O Nge7 5. Re1 Ng6 6. c3 d5 7. exd5 Qxd5 8. d4
cxd4 9. c4 Qd6 10. Nxd4 Qc7 11. Nc3 Be7 12. Qf3 Bd7 13. Nxc6 bxc6 14. Ba4 O-O
15. b3 e5 16. Bb2 f5 17. Rad1 e4 18. Qh3 Rad8 19. a3 Bd6 20. Qh5 Nf4 21. Qh4 Nd3
22. Re2 Nxb2 23. Rxb2 Be5 24. Rc2 Be6 25. Re1 Rf6 26. g3 Rd3 27. Nxe4 fxe4 28.
Qxe4 Bf5 29. Qxc6 Rxc6 0-1